000 00662nam a22001937a 4500
005 20170802112936.0
010 _aENG-119507
020 _c350.00
_a9788184655018
035 _aEN-103039
037 _bDBAD/PUB
082 _a280
100 _aTharsiuse,Nicholas
245 _aChristian a liberative praxis :
_cby Nicholas Tharsiuse
_btheology of samual rayan/
260 _aDelhi
_bThe Indian Society for Promoting Christian Knowlewdge(ISPCK))
_c2015
270 _a1585,1654 Madarsa Road Kashmere Gate
_bDelhi
_e110006
300 _axxxviii,350p.
_c24cm(pbk)
500 _aIncludes bibliographical references
942 _2ddc
_cEN
_mTHA
_h280
999 _c143041
_d143041